Siete fantásticos latinoamericanos / (Registro nro. 651)
[ vista simple ]
| 000 -LEADER | |
|---|---|
| fixed length control field | 01507aam a2200361 a 4500 |
| 001 - CONTROL NUMBER | |
| control field | 001281005 |
| 003 - CONTROL NUMBER IDENTIFIER | |
| control field | AR-RoUNCS |
| 005 - DATE AND TIME OF LATEST TRANSACTION | |
| control field | 20260417145913.0 |
| 007 - PHYSICAL DESCRIPTION FIXED FIELD--GENERAL INFORMATION | |
| fixed length control field | ta |
| 008 - FIXED-LENGTH DATA ELEMENTS--GENERAL INFORMATION | |
| fixed length control field | 130524s2012 ag gr 001 j spa d |
| 020 ## - INTERNATIONAL STANDARD BOOK NUMBER | |
| International Standard Book Number | 978-987-1565-31-3 |
| 040 ## - CATALOGING SOURCE | |
| Original cataloging agency | AR-BaBN |
| Language of cataloging | spa |
| Transcribing agency | AR-RoUNCS |
| 080 0# - UNIVERSAL DECIMAL CLASSIFICATION NUMBER | |
| Universal Decimal Classification number | 82-34(7+8) SI573 |
| 245 00 - TITLE STATEMENT | |
| Title | Siete fantásticos latinoamericanos / |
| Statement of responsibility, etc. | Julio Cortázar ... [et al.]. |
| 250 ## - EDITION STATEMENT | |
| Edition statement | 1a ed. |
| 260 ## - PUBLICATION, DISTRIBUTION, ETC. | |
| Place of publication, distribution, etc. | Buenos Aires : |
| Name of publisher, distributor, etc. | Letra Impresa, |
| Date of publication, distribution, etc. | 2012. |
| 300 ## - PHYSICAL DESCRIPTION | |
| Extent | 89 p. ; |
| Dimensions | 20 cm. |
| 490 0# - SERIES STATEMENT | |
| Series statement | Colección Generación Z |
| 500 ## - GENERAL NOTE | |
| General note | Incluye actividades y bibliografía de apoyo. |
| 505 00 - FORMATTED CONTENTS NOTE | |
| Title | Espantos de agosto / |
| Statement of responsibility | Gabriel García Márquez -- |
| Title | Nadar de noche / |
| Statement of responsibility | Juan Forn -- |
| Title | La Nueva California |
| Statement of responsibility | Alfonso Lima Barreto -- |
| Title | Reunión con un círculo rojo / |
| Statement of responsibility | Julio Cortázar -- |
| Title | El hombre muerto / |
| Statement of responsibility | Leopoldo Lugones -- |
| Title | Los espías / |
| Statement of responsibility | Manuel Mujica Lainez -- |
| Title | El lobisón / |
| Statement of responsibility | Horacio Quiroga -- |
| 521 1# - TARGET AUDIENCE NOTE | |
| Target audience note | Lectura sugerida a partir de los 13 años. |
| 650 #4 - SUBJECT ADDED ENTRY--TOPICAL TERM | |
| Topical term or geographic name entry element | LITERATURA LATINOAMERICANA |
| Chronological subdivision | SIGLO XX |
| 655 #4 - INDEX TERM--GENRE/FORM | |
| Genre/form data or focus term | CUENTOS |
| 700 1# - ADDED ENTRY--PERSONAL NAME | |
| Personal name | García Márquez, Gabriel, |
| Dates associated with a name | (1927-2014), |
| Relator term | autor |
| 700 1# - ADDED ENTRY--PERSONAL NAME | |
| Personal name | Forn, Juan, |
| Dates associated with a name | (1959-2021), |
| Relator term | autor |
| 700 1# - ADDED ENTRY--PERSONAL NAME | |
| Personal name | Barreto, Lima, |
| Dates associated with a name | (1881-1922) |
| Relator term | autor |
| 700 1# - ADDED ENTRY--PERSONAL NAME | |
| Personal name | Cortázar, Julio, |
| Dates associated with a name | (1914-1984), |
| Relator term | autor |
| 700 1# - ADDED ENTRY--PERSONAL NAME | |
| Personal name | Lugones, Leopoldo, |
| Dates associated with a name | (1874-1938), |
| Relator term | autor |
| 700 1# - ADDED ENTRY--PERSONAL NAME | |
| Personal name | Mujica Lainez, Manuel, |
| Dates associated with a name | (1910-1984), |
| Relator term | autor |
| 700 1# - ADDED ENTRY--PERSONAL NAME | |
| Personal name | Quiroga, Horacio, |
| Dates associated with a name | (1878-1937), |
| Relator term | autor |
| 700 1# - ADDED ENTRY--PERSONAL NAME | |
| Personal name | Medina, Claudia, |
| Relator term | traductora |
| 942 ## - ADDED ENTRY ELEMENTS (KOHA) | |
| Source of classification or shelving scheme | Universal Decimal Classification |
| Koha item type | Obra General |
| Suppress in OPAC | No |
| Withdrawn status | Lost status | Source of classification or shelving scheme | Damaged status | Not for loan | Collection | Home library | Current library | Date acquired | Total checkouts | Full call number | Barcode | Date last seen | Copy number | Price effective from | Koha item type | Source of acquisition |
|---|---|---|---|---|---|---|---|---|---|---|---|---|---|---|---|---|
| Universal Decimal Classification | Colección General | Biblioteca Escuela de Ciencias Sociales | Biblioteca Escuela de Ciencias Sociales | 28/10/2025 | 82-34(7+8) SI573 | 000142 | 28/10/2025 | Ej. 1 | 28/10/2025 | Obra General | ||||||
| Universal Decimal Classification | Colección General | Biblioteca Escuela de Ciencias Sociales | Biblioteca Escuela de Ciencias Sociales | 17/04/2026 | 82-34(7+8) SI573 | 000198 | 17/04/2026 | Ej. 2 | 17/04/2026 | Obra General | Donación 2023 |